| 000 | 01100nam a22003010a 4500 | ||
|---|---|---|---|
| 001 | PT3962 | ||
| 003 | AR-LpoUNG | ||
| 005 | 20240514151829.0 | ||
| 008 | 191001s1999||||ag |||||||||||||||||spa d | ||
| 020 |
_a9500001683 _c$33.33 |
||
| 040 |
_aAR-LpoUNG _bspa _cAR-LpoUNG _eaacr |
||
| 041 | _aspa | ||
| 044 | _aag | ||
| 082 | 0 | _a808.068 3 665cue | |
| 245 | 1 | 0 |
_aCuento con vos : _bun libro de cuentos sobre tus derechos |
| 250 | _a1ª edición | ||
| 260 |
_aBuenos Aires : _bMinisterio de Cultura y Educación, _cmarzo de 1999. |
||
| 300 |
_a100 p. : _bgráfs. |
||
| 505 | _aSugerido a partir de 8 años (etiqueta CELESTE). | ||
| 520 | _aEste libro contiene 14 cuentos con personajes muy variados, el objetivo es que el niño conozca sus derechos, los derechos de la Infancia. Conocer sus derechos le permite ejercerlos y exigir que se respeten. | ||
| 650 | 4 | _aDERECHOS DEL NIÑO | |
| 650 | 4 | _aDERECHOS HUMANOS | |
| 650 | 4 | _aLITERATURA | |
| 651 | 4 | _aDOCUMENTOS TEORICOS O METODOLOGICOS | |
| 710 | 2 | _aArgentina. Ministerio de Cultura y Educación | |
| 905 | _a3962 | ||
| 942 |
_cLIB _2ddc |
||
| 999 |
_c10959 _d10959 |
||